000 004710000a22001810004500
003 MACL
005 20150726122149.0
008 150726b xxu||||| |||| 00| 0 eng d
040 _aMACL
_cMACL
041 _aEnglish
082 _a330/CHA
100 _aChandavarkar, Rajnarayan
_92492
245 _aThe Origins of Industrial Capitalism in India
260 _bCambridge Univercity
_c1994
_aNew Delhi
350 _a495
650 _aEconomics
_92499
942 _cBK
_k330
_2ddc
999 _c3236
_d3236